000 00477nam a2200193Ia 4500
005 20240823045855.0
008 240823s9999||||xx |||||||||||||| ||und||
020 _a81-309-0383-0
041 _aENGLISH
082 _A658.81 P7
100 _aPeter Green
245 0 _aSales Management and organisation
250 _a1st
260 _c2007
_b"Viva Books, Privated Li"
500 _aYES
650 _aSales Management
_bManagement Studies
942 _cBK
999 _c215958
_d215958